El multilingüismo y el multiculturalismo en la Escola Andorrana /

Tanto históricamente como en la actualidad el multiculturalismo y el multilingüismo han sido y son dimensiones inherentes a las sociedades europeas, independientemente de la población y/o del área geográfica de un país determinado. En el caso de los pequeños Estados europeos, entre los cuales podemo...

Full description

Bibliographic Details
Main Author: Díaz, Josep María
Format: Analitica de revista
Language:Spanish
Published: Madrid Fundación Infancia y Aprendizaje 2006
Online Access:Acceso electrónico al documento (tablas de contenido y resúmenes)

MARC

LEADER 00000cab a2200000 a 4500
001 026462
003 UAHC_CL
005 20180809130339.0
008 060704b xx j 000 1 spa
952 |0 0  |1 0  |2 ddc  |4 0  |6 C__E02_06_000000000000000  |7 0  |8 COMP  |9 53373  |a BC  |b BC  |c General  |d 2017-08-03  |l 0  |o C & E-02/06  |r 2018-01-17 00:00:00  |t 1  |w 2017-08-03  |y REVA 
999 |c 26462  |d 26462 
037 |a Fundación Infancia y Aprendizaje: Crtra. de Canillas, 138, 16 C, 28043. Tf. 7596892; Fax: 3003527; correo electrónico: fundacionia@fia.es 
037 |a Fundación Infancia y Aprendizaje: Crtra. de Canillas, 138, 16 C, 28043. Tf. 7596892; Fax: 3003527; correo electrónico: fundacionia@fia.es 
040 |a UAHC_CL  |c UAHC_CL  |d UAHC_CL 
100 1 |a Díaz, Josep María 
245 1 3 |a El multilingüismo y el multiculturalismo en la Escola Andorrana /  |c Josep María Díaz. 
260 |b Fundación Infancia y Aprendizaje  |a Madrid  |c 2006 
300 |a pp. 173-183 
310 |a Trimestral 
500 |a En: C & E, n¼2, vol. 18, 2006. pp. 173-183. ISSN 11356405. 
520 |a Tanto históricamente como en la actualidad el multiculturalismo y el multilingüismo han sido y son dimensiones inherentes a las sociedades europeas, independientemente de la población y/o del área geográfica de un país determinado. En el caso de los pequeños Estados europeos, entre los cuales podemos contar al Principado de Andorra, la importancia del fenómeno debe calibrarse teniendo en cuenta ciertas especificidades a nivel sociocultural. En el presente trabajo se analiza la gestión de la diversidad lingüística y cultural en el Sistema Educativo Andorrano, en particular en la Escola Andorrana (EA), y en concreto en el caso del Planteamiento Lingüístico y el Plan de Atención a los Alumnos de Incorporación Tardía de la Escola Andorrana. Ambos programas fomentan la diversidad cultural y lingüística en las aulas de EA a través de (i) el uso vehicular, establecido en los currícula oficiales, de varias lenguas y (ii) la atención y apoyo a la integración del alumnado de incorporación tardía a su llegada al país y al sistema educativo. 
773 0 |t C&E : cultura y educación, revista de teoría, investigación y práctica  |w 026402 
856 |u http://dialnet.unirioja.es/servlet/listaarticulos?tipo_busqueda=EJEMPLAR&revista_busqueda=252&clave_busqueda=146774  |y Acceso electrónico al documento (tablas de contenido y resúmenes) 
900 |a C & E-02/06 
942 |c REVA  |2 ddc